Разработка иерархической модели управления доступом для проектирования комплексов защиты объектов: автореферат диссертации на соискание ученой степени кандидата технических наук:; Спец. 05.13.12, 05.13.01

Bibliographic Details
Main Author: Полозов Р. О. Роман Олегович
Corporate Author: Московский энергетический институт (Технический университет) (МЭИ(ТУ))
Other Authors: Топорков В. В. Виктор Васильевич (научный руководитель)
Language:Russian
Published: Москва, [Б. и.], 2002
Subjects:
Format: Book
KOHA link:https://koha.lib.tpu.ru/cgi-bin/koha/opac-detail.pl?biblionumber=41763

MARC

LEADER 00000nam0a2200000 4500
001 41763
005 20231031014645.0
035 |a (RuTPU)RU\TPU\book\42893 
090 |a 41763 
100 |a 20020701d2002 k y0rusy50 ca 
101 0 |a rus 
102 |a RU 
105 |a y dm 001zy 
200 1 |a Разработка иерархической модели управления доступом для проектирования комплексов защиты объектов  |e автореферат диссертации на соискание ученой степени кандидата технических наук:  |e Спец. 05.13.12, 05.13.01  |f Р. О. Полозов  |g Московский энергетический институт; Научн. рук.: В. В. Топорков 
210 |a Москва  |c [Б. и.]  |d 2002 
215 |a 22 с. 
320 |a Библиогр.: с. 21-22. 
610 1 |a информатика 
610 1 |a деловая информация 
610 1 |a имущество 
610 1 |a защита 
610 1 |a доступ 
610 1 |a управление 
610 1 |a объекты 
610 1 |a иерархическая модель 
610 1 |a автоматизация 
610 1 |a безопасность 
610 1 |a авторефераты диссертаций 
675 |a 681.3.067(04)  |v 3 
675 |a 681.51.01(04)  |v 3 
686 |a 05.13.12  |2 oksvnk 
686 |a 05.13.01  |2 oksvnk 
700 1 |a Полозов  |b Р. О.  |g Роман Олегович 
702 1 |a Топорков  |b В. В.  |g Виктор Васильевич  |4 727 
712 0 2 |a Московский энергетический институт (Технический университет) (МЭИ(ТУ))  |2 stltpush  |3 (RuTPU)RU\TPU\col\122 
801 1 |a RU  |b 63413507  |c 20020701  |g PSBO 
801 2 |a RU  |b 63413507  |c 20070924  |g PSBO 
942 |c BK